[Event "Concordia"]
[Site "Hamburg"]
[Date "1977.??.??"]
[Round "9"]
[White "Popovych, Orest"]
[Black "Wirthensohn, Heinz"]
[Result "1-0"]
[WhiteElo "2370"]
[BlackElo "2390"]
[Annotator "Dolmatov,S"]
[PlyCount "57"]
[EventDate "1977.06.??"]
[EventType "tourn"]
[EventRounds "9"]
[EventCountry "GER"]
[EventCategory "7"]
[SourceTitle "MCL"]
[Source "ChessBase"]
[SourceDate "1999.07.01"]
[SourceVersion "1"]
[SourceVersionDate "1999.07.01"]
[SourceQuality "1"]

1. e4 g6 2. d4 d6 3. Nc3 Bg7 4. f4 a6 $6 5. Nf3 b5 6. Bd3 Nd7 7. e5 (7. O-O $6
c5 $13) (7. a4 b4 8. Ne2 c5 9. c3 $14) 7... Nb6 $6 (7... c5 $5 8. Be4 (8. exd6
$6 cxd4 $132) 8... Rb8 9. Be3 $40) 8. Qe2 Nh6 9. O-O O-O 10. Bd2 f6 11. e6 f5 (
11... c6 $2 12. f5 Nxf5 13. Bxf5 gxf5 14. Nh4 $16) 12. a4 b4 (12... c6 13. a5
$5 Nd5 14. Nxd5 cxd5 15. h3 $1 Rf6 16. Ng5 $16) 13. Nd1 a5 14. c4 bxc3 15. Nxc3
Bb7 (15... c6 $5) 16. Nb5 Bd5 (16... c6 17. Nc3 Ng4 $14) 17. Kh1 Qc8 (17... c6
$5 18. Nc3 Bxf3 19. Qxf3 d5 $132) 18. b4 axb4 $2 (18... c6 19. bxa5 cxb5 20.
axb6 bxa4 $13) 19. a5 c6 20. Nxd6 exd6 21. axb6 Qb7 $6 (21... Qxe6 22. Qxe6+
Bxe6 23. Bxb4 $16) 22. e7 Rfe8 23. Rxa8 Qxa8 24. Bxb4 $18 Qb8 25. Bc4 Nf7 26.
Bxd5 cxd5 27. Qe6 Bh6 28. Qd7 Bxf4 29. b7 1-0

[Event "Bundesliga 0405"]
[Site "Germany"]
[Date "2005.03.13"]
[Round "13.3"]
[White "Kritz, Leonid"]
[Black "Krasenkow, Michal"]
[Result "1/2-1/2"]
[WhiteElo "2543"]
[BlackElo "2676"]
[Annotator "Erenburg,S"]
[PlyCount "86"]
[EventDate "2004.11.12"]
[EventType "team-tourn"]
[EventRounds "15"]
[EventCountry "GER"]
[SourceTitle "CBM 106"]
[Source "ChessBase"]
[SourceDate "2005.06.06"]
[SourceVersion "1"]
[SourceVersionDate "2005.06.06"]
[SourceQuality "1"]
[WhiteTeam "Katernberg"]
[BlackTeam "Baden Oos"]
[WhiteTeamCountry "GER"]
[BlackTeamCountry "GER"]

1. e4 g6 2. d4 Bg7 3. Nc3 c6 4. Bc4 d6 {Black allows white to get a
development advantage, but, he hopes to compensate it by occupying some space
on the queenside.} 5. Qf3 e6 6. Nge2 b5 {Other theoretical possibilites are:} (
6... Nf6 {---> 1/2-1/2 Lopez,B-Ivanov,A/San Diego 2004/CBM 105_01/[Erenburg] 
(44)}) (6... Nd7 {---> 0-1 Mateo,R-Nisipeanu,L/Decameron 2003/CBM 99/[Erenburg]
(31)}) 7. Bb3 {White tried also:} (7. Bd3 {---> 1-0 Rozentalis,E-Goldenberg,D/
Montreal 2000/CBM 079/[Rozentalis] (40)}) 7... a5 8. a4 ({Another logical
reply on black's activity on the queenside is} 8. a3 {---> 1/2-1/2 Rublevsky,
S-Piket,J/Montecatini Terme 2000/CBM 079/[Finkel,A] (43)}) 8... b4 9. Nd1 {
seems more principled than} (9. Nb1 Ba6 10. Be3 d5 11. Nd2 Nd7 12. h4 h6 13.
O-O-O Ne7 $13 {0-1 Kristensen,B-Mortensen,E/Copenhagen 2002/CBM 088/[Mortensen,
E] (29)}) 9... d5 $146 {After black played b5-b4, he has got the a6-f1
diagonal for his light-squared bishop. Therefore, now he doesn't need to think
about carrying out e6-e5 to open the diagonal c8-h3. In the preceding games
black continued} (9... Ba6 10. Be3 Nd7 11. Nf4 Qe7 12. e5 d5 13. Rc1 c5 14.
Bxd5 Rc8 15. Bc6 cxd4 16. Bxd4 Nh6 $132 {Zimmermann,K-Zimmer,O/GER 1997/EXT
2000}) (9... Na6 {---> 1-0 Brinck Claussen,B-Mortensen,E/Copenhagen 2002/CBM
088/[Finkel,A] (34)}) (9... Bb7 10. Qg3 Qc7 11. c3 Nf6 12. f3 Nbd7 13. cxb4
axb4 14. Be3 Ba6 $13 {1-0 Abergel,T-Govciyan,P/Val d'Isere 2004/CBM 103 ext 
(32)}) 10. O-O Ne7 11. c3 {strengthening the centre, and, at the same time,
trying to create some weakness on black's queenside.} Na6 12. Re1 O-O 13. exd5
cxd5 {It is a logical choice to take on d5 with the "c" pawn. Now black will
attack white's weakness c3. In opposite, white is willing to manage initiative
on the kingside.} (13... exd5 14. Bg5 $14) 14. Ne3 Bb7 15. Ng4 {threatening
with Nh6.} Nf5 {covering the h6 square.} 16. Ng3 {White is going to change one
of the main evil's protectors on the kingside.} Rc8 17. Nxf5 (17. Bf4 $5 {
comes to consideration.}) 17... gxf5 {Black took on f5 with the "g" pawn, that
his d5 pawn will be protected by e6 pawn.} (17... exf5 18. Ne5 (18. Nh6+ Kh8
$13) (18. Ne3 bxc3 $15) 18... bxc3 19. bxc3 f6 20. Nc4 $14 {[%csl Rd5][%cal
Yc4e3,Yb3d5,Yf3d5]} (20. Nd3 Rxc3)) 18. Ne5 bxc3 19. bxc3 f6 20. Nc4 {The only
move.} (20. Nd3 Rxc3 $15) 20... Qc7 ({Black equalized after} 20... dxc4 21.
Qxb7 cxb3 22. Qxa6 Qd5 23. Rxe6 Rxc3 24. Rb1 $11) 21. Nd2 Qxc3 {Black allows
white to get position with better pawn structure, hoping to compensate it by
activity of his pieces.} (21... Rfe8 22. Bd1 (22. Nb1 $5 {[%cal Yc1f4]}) 22...
Qxc3 23. Qxc3 Rxc3 24. Nb3 $14) 22. Qxc3 Rxc3 23. Rxe6 Nb4 24. Bd1 ({Probably,
} 24. f4 $5 {gave more chances:} Rd3 (24... Bh6 25. g3) 25. Rb6 Rf7 26. Rb1
Rxd4 27. Nf3 Re4 28. Rb5 $14) 24... Bh6 25. Nb3 Bxc1 26. Rxc1 Rxc1 27. Nxc1 Bc6
28. Re3 ({After} 28. Ne2 Re8 29. Rxe8+ Bxe8 30. Bb3 $14 {white gets a slightly
better endgame, which is extremely difficult to win.}) 28... f4 $1 29. Rc3 (29.
Rf3 Bd7 30. Rxf4 Rc8 31. Ne2 Nc2 $13) 29... Re8 30. Kf1 Re4 31. Ne2 Bb7 $1 {
transfering the bishop to a6-f1 diagonal.} 32. f3 Re3 33. Rxe3 ({White doesn't
get anything after} 33. Rc5 Ba6 34. Rxa5 Rd3 35. Ke1 Re3 36. h4 Kf7 $11) 33...
fxe3 34. Nc3 Ba6+ 35. Be2 Bb7 {threatening with Nc2.} 36. Bd1 Ba6+ 37. Be2 Bb7
38. Bb5 Nc2 39. Ke2 Nxd4+ 40. Kxe3 Nf5+ $11 41. Kf2 (41. Kd3 Kf7 42. g4 Nh4 $11
) 41... Nd6 42. Ke3 Nf5+ 43. Kf2 Nd6 1/2-1/2

[Event "EU-Cup 19th"]
[Site "Rethymno"]
[Date "2003.09.29"]
[Round "2.5"]
[White "Heberla, Bartlomiej"]
[Black "Krasenkow, Michal"]
[Result "1-0"]
[WhiteElo "2420"]
[BlackElo "2585"]
[Annotator "Erenburg,S"]
[PlyCount "47"]
[EventDate "2003.09.28"]
[EventType "team-swiss"]
[EventRounds "7"]
[EventCountry "GRE"]
[SourceTitle "CBM 098"]
[Source "ChessBase"]
[SourceDate "2004.02.03"]
[SourceVersion "1"]
[SourceVersionDate "2004.02.03"]
[SourceQuality "1"]
[WhiteTeam "Grodzisk"]
[BlackTeam "Warsaw Polonia"]
[WhiteTeamCountry "POL"]
[BlackTeamCountry "POL"]

1. e4 g6 2. d4 Bg7 3. c3 d6 4. Bd3 Nc6 $6 ({More popular is} 4... Nf6) 5. f4 {
White plays according to Philidor, who insisted, that pawns should go before
the pieces.} e5 6. fxe5 dxe5 7. d5 Nce7 8. c4 {New move. White builds strong
centre, at the same time, prepares to occupy the c3 square with the knight.
White tried also} (8. Nf3 Bg4 $6 9. O-O Nf6 $6 10. Qb3 O-O 11. Nxe5 $18 {
1-0 Aristotelous,A-Alexandrou,A/Cyprus 1999/EXT 2003 (51)}) 8... Nf6 ({
Deserves attention:} 8... f5 9. Nc3 Nf6 10. Nf3 O-O 11. O-O c6 $13) 9. Nf3 O-O
10. O-O c6 11. Nc3 b5 {Black decides to attack white's centre as quick as
possible.} 12. Be3 {White completes the development, and, at the same time,
covers an important diagonal g1-a7. Worse was} (12. b3 $2 b4 13. Na4 cxd5 14.
cxd5 Nexd5 $1) 12... bxc4 13. Bxc4 cxd5 14. exd5 e4 {Black starts to attack
white's pieces and opens big diagonal for his dark-squared bishop. Dubious is:}
(14... Bb7 {, in view of} 15. Qb3 Bxd5 16. Nxd5 Nfxd5 17. Rad1 Rb8 18. Qa3 {
[%cal Gd1d5]} Rb7 19. Bc5 $16) 15. Ng5 Ng4 $2 {Responsible decision, which was
based on concrete variations, where Polish Grandmaster overlooked something...
Better were more solid continuations:} (15... Nf5 16. Bc5 Nd6 17. Bxd6 Qxd6 18.
Ngxe4 Nxe4 19. Nxe4 Qb6+ 20. Kh1 Qxb2 21. Rc1 $14) (15... Bf5 {comes to
consideration as well.}) 16. Nxf7 $1 {[%mdl 64]} Qc7 {The only move, other
ones lose immediately:} (16... Rxf7 17. d6 $18) (16... Nxe3 17. Nxd8 Rxf1+ (
17... Nxd1 18. d6+ $18) 18. Qxf1 Nxf1 19. d6+ $18) (16... Qe8 17. Bc5 $18 {
with following d5-d6.}) 17. d6 $1 Qxc4 18. dxe7 Nxe3 {Other continuations
don't change anything:} (18... Re8 19. Nd6 Nxe3 20. Nxe8 Nxd1 21. Nf6+ Bxf6 22.
e8=Q+ Kg7 23. Raxd1 $18) (18... Be6 19. exf8=Q+ Rxf8 20. Ng5 $18) {[%tqu "En",
"Please find the way to win the game for white.","","","f7h6","",10]} 19. Nh6+
$3 $18 {[%mdl 64] I think, this move was overlooked by Black.} ({Probably,
playing 15...Ng4 Michal has calculated the following variation:} 19. exf8=Q+
Bxf8 20. Qd8 (20. Ne5 Qxf1+ 21. Qxf1 Nxf1 $17) 20... Nxf1 21. Rxf1 Qxf1+ $1 (
21... Bb7 $2 22. Nh6+ Kg7 23. Qf6+ Kxh6 24. Rf4 $18) 22. Kxf1 Ba6+ 23. Ke1 Rxd8
24. Nxd8 Bd3 $15) 19... Bxh6 20. Rxf8+ $1 Bxf8 21. Qd8 {White is going to get
another queen, thus to get a decisive material advantage.} Qf7 22. e8=Q Qf5 23.
Qxe4 Qc5 24. Qdd4 1-0

[Event "FRA-chT Top 16 GpA"]
[Site "Mulhouse"]
[Date "2005.02.04"]
[Round "1"]
[White "Karjakin, Sergey"]
[Black "Bricard, Emmanuel"]
[Result "1-0"]
[WhiteElo "2599"]
[BlackElo "2434"]
[Annotator "Erenburg,S"]
[PlyCount "73"]
[EventDate "2005.02.04"]
[EventType "team"]
[EventRounds "7"]
[EventCountry "FRA"]
[SourceTitle "CBM 106"]
[Source "ChessBase"]
[SourceDate "2005.06.06"]
[SourceVersion "1"]
[SourceVersionDate "2005.06.06"]
[SourceQuality "1"]

1. e4 g6 2. d4 d6 3. Nc3 c6 4. f4 Bg7 5. Nf3 Bg4 {Black immediately attacks
white's center, pinning the white's kingside knight. The alternative could be}
(5... Qb6 {---> 0-1 Petronic,J-Barlov,D/Belgrade 1998/CBM 64/[Yudasin,L] (47)})
6. Be3 Qb6 {The main continuation. Black continues his logical plan of
pressing white's center. Other moves are:} (6... Nd7 7. h3 Bxf3 8. Qxf3 {
---> 1/2-1/2 Campora,D-Granda Zuniga,J/Leon 1997/CBM 60/[Har Zvi] (29)}) (6...
d5 {---> 1/2-1/2 Lobzhanidze,D-Sichinava,R/Kstovo 1997/CBM 59/[Yudasin,L] (52)}
) (6... Qa5 7. Bd3 {---> 1-0 Nataf,I-Chabanon,J/Enghien les Bains 1997/CBM 58/
[Har Zvi] (27)}) 7. Qd2 {White chooses the d2 location for his queen, probably,
keeping in mind the option of transfering to diagonal g1-a7. White tried also:}
(7. Qd3 Bxf3 8. gxf3 Nd7 9. O-O-O Qa5 10. Kb1 Ngf6 11. h4 d5 12. Bh3 e6 13. f5
exf5 14. exf5 Qc7 15. Bg1 O-O 16. Bh2 Qd8 17. fxg6 fxg6 18. f4 Nb6 19. f5 Nc4
20. fxg6 Qb6 21. b3 Rae8 22. gxh7+ Kh8 23. Rhg1 Nh5 {1/2-1/2 Lalic,B-Arapovic,
V/Porec 1998/EXT 99 (23)}) 7... Bxf3 {Black worsens white's pawn structure,
and solves the problem of his light-squared bishop. This decision seems as the
most principled in this position. Other possibilites are:} (7... Nd7 8. Be2 Qa5
$6 9. O-O Bxf3 10. Bxf3 e5 11. b4 $1 Qd8 12. Rad1 Ne7 13. fxe5 dxe5 14. d5 $18
{1-0 Korneev,O-Vassallo Barroche,M/Mislata 2001/EXT 2002 (27)}) (7... Nf6 8.
Be2 Qc7 9. h3 Bxf3 10. Bxf3 e5 11. O-O-O Nbd7 12. g4 Nb6 13. Qe2 Nfd7 14. g5 h5
15. gxh6 Bxh6 16. fxe5 Bxe3+ 17. Qxe3 dxe5 $13 {0-1 Tzermiadianos,A-Istratescu,
A/Patras 2001/CBM 83 ext (28)}) 8. gxf3 Nd7 {preparing a long castle.} 9. O-O-O
(9. Bh3 Qc7 10. a4 Ngf6 11. f5 Rb8 12. O-O a5 13. Rae1 O-O 14. f4 gxf5 15. Bxf5
e6 16. Bh3 b5 17. e5 b4 18. Nd1 Nd5 19. Rf3 f5 20. exf6 Rxf6 21. Bf2 $14 {
---> 0-1 Hector,J-Mortensen,E/Kerteminde 1991/CBM 23/[King] (37)}) 9... Qa5 10.
Kb1 {Good prophylactic move against black's activity on the queenside.} O-O-O {
Black haven't equalized after the following continuations as well:} (10... Ngf6
11. Rg1 {---> 1-0 Kritz,L-Arapovic,V/Mallorca 2004/CBM 104_01/[Erenburg] (36)})
(10... b5 11. h4 Nb6 12. Bd3 Nf6 13. Qg2 Nh5 14. Ne2 Nc4 15. Bc1 Bh6 16. Qg4
Rb8 17. Ng3 Nf6 18. Qh3 Nd7 19. h5 $36 {Anand,V-Hickl,J Biel-B 1988}) 11. Rg1
Kb8 12. f5 {White starts the pressure on black's kingside pawns.} (12. Rg5 Qc7
13. d5 Nb6 14. dxc6 bxc6 15. Qd3 Nf6 16. Ra5 $14 {1-0 Polgar,J-Crouch,C/
Hastings 1992/CBM 33 (38)}) 12... c5 $146 {creating counterplay in the centre.
In the previous game black tried} (12... Ngf6 13. Bc4 Rhf8 14. h4 b5 15. Bd3
Nb6 16. Qh2 Nc4 17. Bc1 Ka8 18. Ne2 Nh5 19. fxg6 fxg6 20. Qh3 e5 21. c3 $14 {
1/2-1/2 Golubovic,B-Arapovic,V/Pula 1996/EXT 99 (31)}) 13. dxc5 Nxc5 ({Black
loses the pawn after} 13... Bxc3 14. Qxc3 Qxc3 15. bxc3 dxc5 16. Bxc5 $16) 14.
Bd4 $1 Nf6 (14... Bxd4 {is bad, in view of} 15. Qxd4 Nf6 16. b4 $1 Qb6 17. e5
$1 Nfd7 18. exd6 $18) 15. a3 {preparing b2-b4.} a6 $6 (15... Ncd7 {comes to
consideration.}) 16. Bc4 $1 {It isn't so easy for black to defend his pawns,
that located on the light squares, as white succeeded to eliminate black's
light-squared bishop in an early stage of the game.} ({White could get an
advantage after} 16. b4 {as well:} Qxa3 17. bxc5 Qb4+ (17... dxc5 18. Be5+ Kc8
19. Qc1 (19. Nd5 Nxd5 20. Bxg7 Nc3+ $17) 19... Rxd1 20. Nxd1 $16) 18. Ka2 dxc5
19. Be5+ Kc8 {[%cal Yb4a5,Ga5b4]} 20. Nd5 Nxd5 21. Bxg7 Qxd2 22. Rxd2 Nb4+ 23.
Kb3 Rxd2 24. Bxh8 $16) 16... e6 (16... e5 17. Be3 Qc7 18. Ba2 $16) 17. Qg5 $1 {
continuing to press black's kingside.} Ncd7 {giving up on the pawn. Other
moves are not better:} (17... h6 18. Qc1 $1 $18 {[%cal Yb2b4,Gf5g6]}) (17... e5
18. Bxc5 $18 {[%cal Yc4f7]}) 18. fxe6 Qxg5 19. Rxg5 fxe6 20. Bxe6 $18 {White
is a pawn up, he has a pair of bishops. All these factors promise white a
decisive advantage.} Ne5 21. f4 (21. Bb6 Nxf3 22. Rg2 Rde8 23. Rxd6 Bh6 $16 {
[%cal Yh6f4,Gf3d2]}) 21... Nf3 22. Bxf6 Bxf6 23. Rg3 Nd4 (23... Rhe8 24. Bd5
$18) 24. Bh3 Rhf8 25. Nd5 Bg7 26. Rgd3 {driving away the black knight from
central position.} Nc6 27. Be6 {[%cal Rc2c4,Yd3h3,Gf4f5]} (27. Bg2 $5 $18 {
[%cal Yd3h3]}) 27... Rde8 {[%tqu "En","Please enter the best move for white.",
"","","e6d7","",10]} 28. Bd7 $1 {destroying black's monarch position.} Rxe4 29.
Bxc6 bxc6 {[%tqu "En","Please find the strongest move for white.","","","d5b4",
"",10]} 30. Nb4 $1 {Now all black's queenside pawns are vulnerable.} Rexf4 31.
Rxd6 Rf1 32. Nxa6+ Ka7 $2 ({Last chance was} 32... Kc8 $1 33. Nc5 Rxd1+ 34.
Rxd1 Rf2 $16) 33. Nb4 c5 34. Nc6+ Kb6 {Other continuations don't change
anything:} (34... Kb7 35. Nd8+ Kb8 36. Ne6 Bd4 37. Rxf1 Rxf1+ 38. Ka2 $18) (
34... Ka8 35. Ka2 {[%cal Yd6d7]} Rxd1 36. Rxd1 Rc8 37. Rd7 $18) 35. Nd4+ $1 Ka5
(35... Kb7 36. Ne6 Bd4 37. Rxf1 Rxf1+ 38. Ka2 Rf2 39. Nxd4 cxd4 40. h4 $18) 36.
Nb3+ Kb5 (36... Ka4 37. Nxc5+ Kb5 38. Ne6 $18) 37. c4+ $1 {winning a rook.} (
37. c4+ Kxc4 (37... Ka4 38. Nxc5+ Ka5 39. Ra6#) 38. Nd2+ $18) 1-0

[Event "EU-ch 5th"]
[Site "Antalya"]
[Date "2004.05.15"]
[Round "1"]
[White "Yilmaz, Turhan"]
[Black "Minasian, Artashes"]
[Result "0-1"]
[WhiteElo "2311"]
[BlackElo "2585"]
[Annotator "Erenburg,S"]
[PlyCount "96"]
[EventDate "2004.05.15"]
[EventType "swiss"]
[EventRounds "13"]
[EventCountry "TUR"]
[SourceTitle "CBM 101"]
[Source "ChessBase"]
[SourceDate "2004.07.27"]
[SourceVersion "1"]
[SourceVersionDate "2004.07.27"]
[SourceQuality "1"]

1. e4 g6 2. h4 $5 {Very rare continuation, which takes the opponents outside
of the theory.} ({Much more popular is} 2. d4) 2... d5 $1 {It is typical
decision to strike in the centre as a reaction against opponent's activity on
the flank.} (2... c5 {0-1 Galego,L-Krasenkow,M/Saint Vincent 2000/CBM 78/
[Finkel,A] (36)}) 3. exd5 Nf6 {Another logical continuation is} (3... Qxd5 {
0-1 Casagrande,H-Beim,V/Linz 1997/CBM 59/[Hecht] (42)}) 4. d4 {White has the
following possibilities:} (4. Bb5+ Nbd7 5. d4 Bg7 6. Be2 Nxd5 7. h5 O-O 8. c4
Nb4 9. hxg6 hxg6 10. a3 Nc6 11. d5 Nd4 12. Bh6 e5 13. dxe6 Nxe6 14. Bxg7 Kxg7
15. Qd2 Qg5 16. Qxg5 Nxg5 17. Nc3 $14 {1/2-1/2 Markovic,I-Chatalbashev,B/Sofia
1994/TD (31)}) (4. h5 Bg7 5. h6 Bf8 6. Bb5+ Bd7 7. Bc4 Bg4 8. f3 Bc8 9. Nc3 c6
10. dxc6 Nxc6 11. d4 Nxd4 12. Nge2 Be6 13. Bxe6 Nxe6 14. Qxd8+ Rxd8 15. Be3 $14
{1-0 Speelman,J-Taulbut,S/Brighton 1980/EXT 99 (28)}) 4... Qxd5 $146 {
According to my database, this position appeared for the first time. In the
previous game black continued} (4... Bg7 5. Be2 Qxd5 6. Nc3 Qd8 7. Be3 Nc6 8.
a3 Be6 9. Bf3 Nd5 10. Ne4 Nxe3 11. fxe3 Bd5 12. Nc3 e6 13. Qd3 Bxf3 14. Nxf3
$11 {0-1 Alber,H-Balzar,A/Germany 1990/GER-chT2 (46)}) 5. c4 Qa5+ 6. Nc3 ({
Deserved attention:} 6. Bd2 Qb6 7. c5 (7. Nc3 Qxd4 8. Nb5 Qe4+ 9. Be3 Na6 $15)
7... Qe6+ 8. Be2 Bg7 9. Nc3 $13) 6... Bg7 7. Bd2 c6 {preparing the squares for
the queen.} (7... Qb6 8. c5 Qe6+ 9. Be2 $13) 8. Nd5 $6 ({In my opinion, more
logical was} 8. Nf3 O-O (8... Bg4 9. Qb3 Bxf3 10. Qxb7) 9. Qb3 {with possible
long castle.}) 8... Qd8 9. Nxf6+ Bxf6 10. Bc3 h5 {[%csl Yh5][%cal Yc8f5,Rg2g4,
Gh5g4,Gf5g4] Black prepares the f5 square for his light-squared bishop, and,
at the same time, prevents from white to develop the intiative on the kingside
with h4-h5. Thus, black makes possible for himself an option of short castle.}
11. Qd2 {Obviously white prepares to castle long.} (11. Nf3 Bf5) 11... Bf5 12.
Ne2 {transfering the knight to g3.} e6 13. Qf4 {defending the h4 pawn.} Nd7 14.
Ng3 O-O 15. O-O-O c5 {attacking white's center, and, opening the "c" file for
the rook.} 16. Nxf5 exf5 17. Rh3 $1 {preparing a capture on c5, and, intending
to cooperate the rooks through the "d" file.} cxd4 18. Bxd4 Qc8 $1 $11 {
Black has a double pawns, but it doesn't worsen his position, as they allow
him to control some important squares, like e4.} 19. Re3 Rd8 20. g3 {preparing
an occupation of a long diagonal h1-a8 with the light-squared bishop.} Qc6 21.
Be2 Nb6 {Black knows, that Q and N cooperate better than Q and B, therefore,
he is interested in trades of rooks. In opposite, white should change the
queens, as R and B usually cooperate better than R and N.} 22. Bxf6 Qxf6 23.
Qe5 $6 ({Better is} 23. Rxd8+ Rxd8 24. Qc7 Rd7 25. Re8+ Kg7 26. Qe5 (26. Qb8 f4
$1) 26... Qxe5 27. Rxe5 f4 $11) 23... Rxd1+ 24. Bxd1 $2 (24. Kxd1 Qc6 $36)
24... Qxe5 25. Rxe5 Nxc4 $17 26. Re7 Rc8 27. b3 $6 (27. Bc2 {gave white more
chances, as it would save the rook on the 7-th rank.}) 27... Kf8 $1 28. Re2
Ne5+ 29. Bc2 Nf3 30. Kb2 Re8 $1 {Right decision to trade the rooks, as his
knight here is much stronger than white's bishop. It should be noted, that the
side, who has material advantage is interested in trades.} 31. Rxe8+ Kxe8 32.
Bd1 $2 ({More resistant was} 32. Kc3 Ke7 $17) 32... Nd2 $19 {Now white is
unable to avoid further material losses. The material advantage of two pawns
is more than enough for victory. The rest is an easy job for black.} 33. Kc3 (
33. Bc2 Ne4 34. Bxe4 fxe4 {with winning PP endgame.}) 33... Ne4+ 34. Kd4 Nxf2
35. Bf3 b6 36. Kc4 Kd7 37. Bd5 Ne4 38. Kd4 Nd6 39. Ke5 Ke7 40. Ba8 Nb5 41. Bc6
f6+ 42. Kf4 Nc7 43. a3 Kd6 44. Bb7 Ne6+ 45. Ke3 Nc5 46. Bf3 Nxb3 47. Be2 Nc5
48. Bc4 Ne6 0-1